[Event "CZE-chT1E 1314"]
[Site "Czech Republic"]
[Date "2014.03.16"]
[Round "9.6"]
[White "Majer, Jiri"]
[Black "Svitek, Jiri"]
[Result "1/2-1/2"]
[WhiteElo "2201"]
[BlackElo "2139"]
[PlyCount "82"]
[EventDate "2013.10.20"]
[EventType "team-tourn"]
[EventRounds "11"]
[EventCountry "CZE"]
[SourceTitle "EXT 2015"]
[Source "ChessBase"]
[SourceDate "2014.11.20"]
[SourceVersion "1"]
[SourceVersionDate "2014.11.20"]
[SourceQuality "1"]
[WhiteTeam "Brno Duras"]
[BlackTeam "Zlin"]
[WhiteTeamCountry "CZE"]
[BlackTeamCountry "CZE"]

1. d4 Nf6 2. Nf3 g6 3. g3 Bg7 4. Bg2 0-0 5. 0-0 d6 6. c4 Nc6 7. Nc3 e5 8. dxe5 Nxe5 9. Nxe5 dxe5 10. Bg5 Qxd1 11. Raxd1 c6 12. Na4 Be6 13. b3 Nd7 14. Rd6 h6 15. Bc1 Rfd8 16. Rfd1 Bf8 17. R6d3 Kh7 18. e4 Be7 19. Be3 b6 20. Nc3 Nf8 21. f4 Rxd3 22. Rxd3 f6 23. Kf2 Rd8 24. Rxd8 Bxd8 25. f5 Bf7 26. g4 Be7 27. Bf1 Nd7 28. Na4 g5 29. Be2 Kg7 30. Ke1 Bb4+ 31. Kd1 Kf8 32. Kc2 Ke7 33. Kb2 Bd6 34. a3 Kd8 35. b4 c5 36. Kb3 Kc7 37. Nc3 a6 38. Ka4 Kb7 39. Kb3 Nb8 40. Nd5 Bxd5 41. cxd5 Nd7 1/2-1/2

[Event "CZE-chT2E 1314"]
[Site "Czech Republic"]
[Date "2013.11.03"]
[Round "1.2"]
[White "Svitek, Jiri"]
[Black "Teuber, Andreas"]
[Result "1/2-1/2"]
[WhiteElo "2139"]
[BlackElo "2189"]
[PlyCount "43"]
[EventDate "2013.11.03"]
[EventType "team-tourn"]
[EventRounds "11"]
[EventCountry "CZE"]
[SourceTitle "EXT 2016"]
[Source "ChessBase"]
[SourceDate "2015.10.08"]
[SourceVersion "1"]
[SourceVersionDate "2015.10.08"]
[SourceQuality "1"]
[WhiteTeam "Napajedla"]
[BlackTeam "Prusanky Podluzan"]
[WhiteTeamCountry "CZE"]
[BlackTeamCountry "CZE"]

1. Nf3 d5 2. d4 Nf6 3. g3 c6 4. Bg2 Bg4 5. Ne5 Bf5 6. 0-0 Qc8 7. c4 dxc4 8. Re1 Bh3 9. Bf3 Nbd7 10. Nxc4 Be6 11. b3 Nb6 12. Ne5 g6 13. a4 Bg7 14. Ba3 Ng4 15. Nxg4 Bxg4 16. e3 Bxf3 17. Qxf3 Qe6 18. Nd2 Nd7 19. Qe4 Qxe4 20. Nxe4 f5 21. Ng5 Bf6 22. Nf3 1/2-1/2

[Event "Stare Mesto op"]
[Site "Stare Mesto"]
[Date "2013.08.16"]
[Round "9"]
[White "Jurcik, Marian"]
[Black "Svitek, Jiri"]
[Result "1-0"]
[WhiteElo "2488"]
[BlackElo "2120"]
[PlyCount "119"]
[EventDate "2013.08.09"]
[EventType "swiss"]
[EventRounds "10"]
[EventCountry "CZE"]
[SourceTitle "CBM 155 Extra"]
[Source "ChessBase"]
[SourceDate "2013.08.26"]
[SourceVersion "1"]
[SourceVersionDate "2013.08.26"]
[SourceQuality "1"]

1. c4 g6 2. d4 Bg7 3. e4 d6 4. Nc3 e5 5. Nge2 Nc6 6. Be3 f5 7. exf5 Bxf5 8. d5 Nce7 9. h3 h5 10. Ng3 h4 11. Nge4 Nf6 12. Bd3 Bxe4 13. Bxe4 Nf5 14. Qd2 Nxe4 15. Nxe4 Nxe3 16. Qxe3 b6 17. 0-0 0-0 18. Qg5 Qxg5 19. Nxg5 Rf4 20. b3 Rc8 21. Rfe1 Rf5 22. Ne4 a5 23. a3 Bf8 24. Nc3 Rf4 25. Rac1 Rd4 26. Rcd1 Rxd1 27. Rxd1 c5 28. dxc6 Rxc6 29. Kf1 Kf7 30. Ke2 Be7 31. Kd3 Ke6 32. b4 axb4 33. axb4 Rc8 34. Ra1 Rf8 35. f3 Rf4 36. Ne2 Rf5 37. Nc3 Rf4 38. Ne4 d5 39. cxd5+ Kxd5 40. Ra6 Kc6 41. Kc4 Kb7 42. Ra2 Rf8 43. Rd2 Rc8+ 44. Kb5 Rd8 45. Rxd8 Bxd8 46. Nd6+ Kc7 47. Nc4 Kb7 48. Nxe5 g5 49. Kc4 Bc7 50. Nf7 Bf4 51. b5 Kc7 52. Kd5 Kd7 53. Ne5+ Kc7 54. Ke6 Be3 55. Nc6 Bd2 56. Ne7 Kb7 57. Nd5 Bc1 58. Kf5 Bd2 59. Kg4 Bc1 60. f4 1-0

[Event "Stare Mesto op"]
[Site "Stare Mesto"]
[Date "2013.08.14"]
[Round "7"]
[White "Svitek, Jiri"]
[Black "Kolomaznikova, Barbora"]
[Result "1-0"]
[WhiteElo "2120"]
[BlackElo "1996"]
[PlyCount "55"]
[EventDate "2013.08.09"]
[EventType "swiss"]
[EventRounds "10"]
[EventCountry "CZE"]
[SourceTitle "CBM 155 Extra"]
[Source "ChessBase"]
[SourceDate "2013.08.26"]
[SourceVersion "1"]
[SourceVersionDate "2013.08.26"]
[SourceQuality "1"]

1. Nf3 e6 2. g3 Nf6 3. Bg2 d5 4. 0-0 Be7 5. b3 0-0 6. Bb2 b6 7. c4 Bb7 8. d4 Nbd7 9. cxd5 Bxd5 10. Nc3 Bb7 11. Rc1 c5 12. Nb5 a6 13. Nc3 Rc8 14. e3 Ne4 15. Nxe4 Bxe4 16. Qe2 b5 17. Rfd1 Qa5 18. Ne5 Nf6 19. Bxe4 Nxe4 20. Nd7 Rfd8 21. dxc5 f5 22. c6 Nf6 23. Nxf6+ Bxf6 24. Bxf6 gxf6 25. c7 Rf8 26. Rd7 Rf7 27. Qd3 Qa3 28. Rc6 1-0

[Event "CZE-chT2E 1213"]
[Site "Czech Republic"]
[Date "2013.02.17"]
[Round "9.2"]
[White "Holemar, David"]
[Black "Svitek, Jiri"]
[Result "1-0"]
[WhiteElo "2272"]
[BlackElo "2078"]
[PlyCount "61"]
[EventDate "2012.10.14"]
[EventType "team-tourn"]
[EventRounds "11"]
[EventCountry "CZE"]
[SourceTitle "EXT 2016"]
[Source "ChessBase"]
[SourceDate "2015.10.08"]
[SourceVersion "1"]
[SourceVersionDate "2015.10.08"]
[SourceQuality "1"]
[WhiteTeam "Brno Moravska Slavia"]
[BlackTeam "Napajedla"]
[WhiteTeamCountry "CZE"]
[BlackTeamCountry "CZE"]

1. e4 g6 2. d4 Bg7 3. c4 d6 4. Nc3 Nf6 5. f3 0-0 6. Be3 c6 7. Qd2 a6 8. Nge2 b5 9. Ng3 Nbd7 10. Be2 b4 11. Nd1 a5 12. 0-0 c5 13. d5 h5 14. Bh6 Nb6 15. Bd3 Kh7 16. Bxg7 Kxg7 17. Qg5 Nh7 18. Qd2 Ba6 19. Ne3 Ra7 20. f4 Bc8 21. e5 dxe5 22. fxe5 e6 23. d6 Nd7 24. Ne4 Nxe5 25. Be2 Nd7 26. b3 f5 27. Nxc5 Nhf6 28. Qd4 Rf7 29. Nd3 Kg8 30. Ne5 Rg7 31. Nc6 1-0

[Event "CZE-chT2E 1213"]
[Site "Czech Republic"]
[Date "2013.02.03"]
[Round "8.2"]
[White "Svitek, Jiri"]
[Black "Macharacek, Simon"]
[Result "1-0"]
[WhiteElo "2078"]
[BlackElo "2185"]
[PlyCount "123"]
[EventDate "2012.10.14"]
[EventType "team-tourn"]
[EventRounds "11"]
[EventCountry "CZE"]
[SourceTitle "EXT 2016"]
[Source "ChessBase"]
[SourceDate "2015.10.08"]
[SourceVersion "1"]
[SourceVersionDate "2015.10.08"]
[SourceQuality "1"]
[WhiteTeam "Napajedla"]
[BlackTeam "Brno Duras II"]
[WhiteTeamCountry "CZE"]
[BlackTeamCountry "CZE"]

1. d4 Nf6 2. c4 c5 3. d5 e6 4. Nc3 exd5 5. cxd5 d6 6. Nf3 g6 7. e4 Bg7 8. Be2 Bg4 9. 0-0 0-0 10. Re1 Re8 11. Qc2 Nbd7 12. Bf4 Bxf3 13. Bxf3 Ne5 14. Be2 a6 15. a4 Rb8 16. Bg3 Qa5 17. f4 Ned7 18. Bf3 Qb4 19. e5 dxe5 20. fxe5 Nxe5 21. Rxe5 Qd4+ 22. Qf2 Qxf2+ 23. Kxf2 Ng4+ 24. Bxg4 Bxe5 25. Bxe5 Rxe5 26. Bf3 Rbe8 27. a5 f5 28. d6 Rd8 29. Rd1 c4 30. Bxb7 Rxa5 31. Bd5+ Kf8 32. Bxc4 Rc5 33. Bxa6 Rc6 34. Be2 Rdxd6 35. Rxd6 Rxd6 36. b4 Ke7 37. b5 Kd7 38. Ke3 g5 39. Bf3 g4 40. Bc6+ Ke6 41. Nd5 Ke5 42. g3 Rh6 43. b6 Rxh2 44. b7 Rb2 45. Nc7 Rb3+ 46. Ke2 Kd6 47. Nb5+ Kxc6 48. Nd4+ Kxb7 49. Nxb3 f4 50. gxf4 h5 51. Nd4 Kc7 52. Kf2 Kd6 53. Kg3 Kd5 54. Nf5 Ke4 55. Nh4 Kd5 56. Ng6 Ke4 57. Nh4 Kd5 58. Nf5 Ke4 59. Ng7 h4+ 60. Kxg4 h3 61. Nh5 h2 62. Ng3+ 1-0

[Event "CZE-chT2E 1213"]
[Site "Czech Republic"]
[Date "2013.01.20"]
[Round "7.2"]
[White "Teuber, Andreas"]
[Black "Svitek, Jiri"]
[Result "1-0"]
[WhiteElo "2195"]
[BlackElo "2078"]
[PlyCount "86"]
[EventDate "2012.10.14"]
[EventType "team-tourn"]
[EventRounds "11"]
[EventCountry "CZE"]
[SourceTitle "EXT 2016"]
[Source "ChessBase"]
[SourceDate "2015.10.08"]
[SourceVersion "1"]
[SourceVersionDate "2015.10.08"]
[SourceQuality "1"]
[WhiteTeam "Prusanky Podluzan"]
[BlackTeam "Napajedla"]
[WhiteTeamCountry "CZE"]
[BlackTeamCountry "CZE"]

1. d4 d5 2. Nf3 Nf6 3. e3 g6 4. Nbd2 Bg7 5. b3 0-0 6. Bb2 Bg4 7. Be2 Nbd7 8. 0-0 c5 9. h3 Bxf3 10. Bxf3 cxd4 11. exd4 Re8 12. Re1 Rc8 13. c4 e6 14. c5 Qc7 15. b4 e5 16. Qb3 e4 17. Be2 Nf8 18. Nf1 Ne6 19. Ne3 Red8 20. b5 Bh6 21. Rac1 Nf4 22. Ba3 Nxe2+ 23. Rxe2 a6 24. Rb2 Ra8 25. Rc3 Bxe3 26. Rxe3 axb5 27. Qxb5 Rd7 28. Reb3 Kg7 29. Bb4 Qc6 30. Bd2 Ra4 31. Be3 Ng8 32. Qe2 Ne7 33. Qg4 Nf5 34. Rb6 Qc8 35. Bf4 f6 36. Be3 h5 37. Qf4 Rc7 38. g4 hxg4 39. hxg4 Ne7 40. Qh6+ Kg8 41. Qh4 Ra6 42. Bf4 Rxb6 43. Rxb6 Rd7 1-0

[Event "CZE-chT2E 1213"]
[Site "Czech Republic"]
[Date "2012.11.04"]
[Round "2.2"]
[White "Svitek, Jiri"]
[Black "Markovic, Ivan1111"]
[Result "1-0"]
[WhiteElo "2078"]
[BlackElo "2140"]
[PlyCount "80"]
[EventDate "2012.10.14"]
[EventType "team-tourn"]
[EventRounds "11"]
[EventCountry "CZE"]
[SourceTitle "EXT 2016"]
[Source "ChessBase"]
[SourceDate "2015.10.08"]
[SourceVersion "1"]
[SourceVersionDate "2015.10.08"]
[SourceQuality "1"]
[WhiteTeam "Napajedla"]
[BlackTeam "Hustopece"]
[WhiteTeamCountry "CZE"]
[BlackTeamCountry "CZE"]

1. Nf3 Nf6 2. c4 c5 3. g3 d6 4. Bg2 Nc6 5. 0-0 g6 6. Nc3 Bg7 7. d3 0-0 8. Bd2 a6 9. a3 e6 10. Rb1 d5 11. b4 cxb4 12. axb4 Bd7 13. b5 axb5 14. cxb5 Na7 15. Qb3 Ng4 16. d4 h5 17. e3 b6 18. Ra1 Qc7 19. Rfc1 Qb7 20. h3 Nh6 21. Ne5 Bxe5 22. dxe5 Kg7 23. Nxd5 exd5 24. Qxd5 Qxd5 25. Bxd5 Rad8 26. Rxa7 Bxb5 27. e4 Rd7 28. Rcc7 Rfd8 29. Bg5 Rxc7 30. Rxc7 Rd7 31. Rc8 Kh7 32. e6 fxe6 33. Bxe6 Rd1+ 34. Kh2 Bd7 35. Rc7 Rd6 36. Rxd7+ Rxd7 37. Bxd7 Nf7 38. Be3 Nd6 39. e5 Nc4 40. e6 Kg8 1-0

[Event "CZE-chT2E 1213"]
[Site "Czech Republic"]
[Date "2012.10.14"]
[Round "1.2"]
[White "Handl, Martin"]
[Black "Svitek, Jiri"]
[Result "0-1"]
[WhiteElo "2094"]
[BlackElo "2078"]
[PlyCount "76"]
[EventDate "2012.10.14"]
[EventType "team-tourn"]
[EventRounds "11"]
[EventCountry "CZE"]
[SourceTitle "EXT 2016"]
[Source "ChessBase"]
[SourceDate "2015.10.08"]
[SourceVersion "1"]
[SourceVersionDate "2015.10.08"]
[SourceQuality "1"]
[WhiteTeam "Adamov"]
[BlackTeam "Napajedla"]
[WhiteTeamCountry "CZE"]
[BlackTeamCountry "CZE"]

1. e4 g6 2. d4 Bg7 3. Nc3 c6 4. f4 d5 5. e5 h5 6. Nf3 Bg4 7. Be3 e6 8. Bd3 Ne7 9. h3 Bxf3 10. Qxf3 Nf5 11. Bf2 Nh4 12. Bxh4 Qxh4+ 13. g3 Qe7 14. 0-0-0 c5 15. Nb5 cxd4 16. Nd6+ Kf8 17. g4 Nc6 18. Rhf1 hxg4 19. hxg4 Bxe5 20. Nxf7 Qxf7 21. fxe5 Qxf3 22. Rxf3+ Ke7 23. Re1 g5 24. Bg6 Raf8 25. Rb3 b6 26. Bh5 Rf4 27. c3 Rc8 28. cxd4 Nxe5+ 29. Kb1 Nf3 30. Rxf3 Rxf3 31. a3 Rc4 32. Re4 Kd6 33. Re2 Rxd4 34. Kc2 Rdf4 35. Kd1 Rf1+ 36. Kd2 R1f2 37. Rxf2 Rxf2+ 38. Kc3 e5 0-1

[Event "CZE-chT2e 0607"]
[Site "Czech Republic"]
[Date "2007.04.15"]
[Round "11.7"]
[White "Soban, Jaroslav"]
[Black "Svitek, Jiri"]
[Result "1-0"]
[WhiteElo "2113"]
[BlackElo "2111"]
[PlyCount "53"]
[EventDate "2006.10.15"]
[EventType "team"]
[EventRounds "11"]
[EventCountry "CZE"]
[SourceTitle "EXT 2009"]
[Source "ChessBase"]
[SourceDate "2008.11.26"]
[SourceVersion "1"]
[SourceVersionDate "2008.11.26"]
[SourceQuality "1"]

1. e4 c6 2. d4 d5 3. Nc3 dxe4 4. Nxe4 Nf6 5. Ng3 g6 6. Nf3 Bg4 7. Be2 Bg7 8. 0-0 0-0 9. h3 Bxf3 10. Bxf3 Nbd7 11. c4 Qc7 12. Be3 Rad8 13. Rc1 Rfe8 14. Qb3 e5 15. dxe5 Nxe5 16. Bxa7 Rd3 17. Qb6 Nxf3+ 18. gxf3 Qf4 19. Rcd1 Rxf3 20. Kg2 Ne4 21. Nxe4 Qxe4 22. Rde1 Re3+ 23. f3 Qc2+ 24. Rf2 Qxf2+ 25. Kxf2 Rxe1 26. Qxb7 R8e2+ 27. Kg3 1-0

[Event "CZE-chT2e 0607"]
[Site "Czech Republic"]
[Date "2007.03.25"]
[Round "10.7"]
[White "Svitek, Jiri"]
[Black "Pavlik, Petr"]
[Result "1/2-1/2"]
[WhiteElo "2111"]
[BlackElo "1990"]
[PlyCount "71"]
[EventDate "2006.10.15"]
[EventType "team"]
[EventRounds "11"]
[EventCountry "CZE"]
[SourceTitle "EXT 2009"]
[Source "ChessBase"]
[SourceDate "2008.11.26"]
[SourceVersion "1"]
[SourceVersionDate "2008.11.26"]
[SourceQuality "1"]

1. Nf3 Nf6 2. g3 g6 3. Bg2 Bg7 4. c4 0-0 5. 0-0 c6 6. Qc2 d5 7. d3 Nbd7 8. Nc3 e5 9. cxd5 Nxd5 10. Bd2 N7b6 11. Nxd5 Nxd5 12. e4 Nc7 13. Bc3 Qd6 14. Rfd1 c5 15. a4 Rd8 16. Qd2 b6 17. b4 Ba6 18. b5 Bc8 19. Qb2 f6 20. Ne1 Be6 21. Nc2 Rd7 22. Ne3 Rad8 23. Bf3 Qe7 24. Be2 Qf7 25. a5 Bh6 26. axb6 axb6 27. Nc4 Bxc4 28. dxc4 Rxd1+ 29. Rxd1 Rxd1+ 30. Bxd1 Qd7 31. Qc2 Qd6 32. Bg4 Kf7 33. Qa4 Bf8 34. Qa7 Be7 35. Qb7 h5 36. Be2 1/2-1/2

[Event "CZE-chT2e 0607"]
[Site "Czech Republic"]
[Date "2007.03.03"]
[Round "9.7"]
[White "Houzva, Viktor"]
[Black "Svitek, Jiri"]
[Result "0-1"]
[WhiteElo "1981"]
[BlackElo "2111"]
[PlyCount "104"]
[EventDate "2006.10.15"]
[EventType "team"]
[EventRounds "11"]
[EventCountry "CZE"]
[SourceTitle "EXT 2009"]
[Source "ChessBase"]
[SourceDate "2008.11.26"]
[SourceVersion "1"]
[SourceVersionDate "2008.11.26"]
[SourceQuality "1"]

1. e4 c6 2. d4 d5 3. Nc3 dxe4 4. Nxe4 Nf6 5. Nxf6+ exf6 6. Nf3 Bd6 7. Be2 Bg4 8. 0-0 0-0 9. Be3 Nd7 10. h3 Bh5 11. Nh4 Bxe2 12. Qxe2 g6 13. Qg4 h5 14. Qd1 f5 15. Nf3 f4 16. Bd2 Re8 17. Re1 Rxe1+ 18. Bxe1 Qe7 19. Bc3 Nf6 20. Qd3 Qe4 21. Rd1 Qxd3 22. Rxd3 Re8 23. Kf1 Ne4 24. Be1 g5 25. Nd2 f5 26. Nc4 Bc7 27. b4 Kf7 28. f3 Nf6 29. a4 g4 30. b5 Nd5 31. bxc6 bxc6 32. Bd2 Rb8 33. Ne5+ Bxe5 34. dxe5 Rb1+ 35. Ke2 Rb2 36. Kd1 Ra2 37. a5 Ra4 38. Rb3 Ke6 39. Rb7 gxh3 40. gxh3 Ne3+ 41. Ke2 Nxc2 42. Rxa7 Nd4+ 43. Kd3 Nxf3 44. Bc3 Nxe5+ 45. Bxe5 Kxe5 46. a6 f3 47. Ke3 Ra3+ 48. Kf2 Kf4 49. h4 Ra2+ 50. Kf1 c5 51. Rc7 Rxa6 52. Rxc5 Kg3 0-1

[Event "CZE-chT2e 0607"]
[Site "Czech Republic"]
[Date "2007.02.25"]
[Round "8.7"]
[White "Svitek, Jiri"]
[Black "Zichacek, Libor"]
[Result "0-1"]
[WhiteElo "2111"]
[BlackElo "2046"]
[PlyCount "98"]
[EventDate "2006.10.15"]
[EventType "team"]
[EventRounds "11"]
[EventCountry "CZE"]
[SourceTitle "EXT 2009"]
[Source "ChessBase"]
[SourceDate "2008.11.26"]
[SourceVersion "1"]
[SourceVersionDate "2008.11.26"]
[SourceQuality "1"]

1. Nf3 c5 2. c4 Nc6 3. g3 g6 4. Bg2 Bg7 5. 0-0 Nf6 6. Nc3 0-0 7. d3 e6 8. Be3 d6 9. h3 Bd7 10. a3 Qe7 11. Qd2 d5 12. cxd5 exd5 13. Bg5 Be6 14. Qf4 Qd8 15. e4 d4 16. Na4 Qa5 17. Nxc5 Nh5 18. Qc1 Rac8 19. Nxb7 Qb6 20. Nd6 Rc7 21. Bf4 Na5 22. Nc4 Rxc4 23. dxc4 Nb3 24. c5 Qb5 25. Qd1 Nxf4 26. gxf4 Nxa1 27. Qxa1 Qxc5 28. Qc1 Qxc1 29. Rxc1 d3 30. e5 Rd8 31. Rd1 Bh6 32. Bf1 Bxf4 33. Rxd3 Rxd3 34. Bxd3 Bxh3 35. b4 Bd7 36. b5 Kf8 37. Nd4 Bxe5 38. Nc6 Bxc6 39. bxc6 Ke7 40. Bc4 f6 41. Bg8 h5 42. Bd5 g5 43. Kg2 f5 44. Bc4 Kf6 45. Be2 g4 46. Bc4 Bc7 47. Bd5 h4 48. f3 h3+ 49. Kf2 g3+ 0-1

[Event "CZE-chT2e 0607"]
[Site "Czech Republic"]
[Date "2006.12.03"]
[Round "4.8"]
[White "Svitek, Jiri"]
[Black "Sedlacek, Petr"]
[Result "1/2-1/2"]
[WhiteElo "2111"]
[BlackElo "2010"]
[PlyCount "117"]
[EventDate "2006.10.15"]
[EventType "team"]
[EventRounds "11"]
[EventCountry "CZE"]
[SourceTitle "EXT 2009"]
[Source "ChessBase"]
[SourceDate "2008.11.26"]
[SourceVersion "1"]
[SourceVersionDate "2008.11.26"]
[SourceQuality "1"]

1. Nf3 d5 2. g3 c5 3. Bg2 Nc6 4. 0-0 Nf6 5. c4 e6 6. e3 Be7 7. d4 dxc4 8. dxc5 Qxd1 9. Rxd1 Bxc5 10. Nbd2 Na5 11. Ne5 Rb8 12. Ndxc4 Nxc4 13. Nxc4 b6 14. a3 Bb7 15. b4 Bxg2 16. Kxg2 Be7 17. Bb2 0-0 18. Ne5 Rbc8 19. Rac1 Rxc1 20. Rxc1 a5 21. Nc6 Bd8 22. Rd1 Bc7 23. Bxf6 gxf6 24. Rd7 Be5 25. Nxe5 fxe5 26. bxa5 bxa5 27. Ra7 Rb8 28. Rxa5 Rb3 29. Kf3 Kg7 30. h3 Kf6 31. Ra7 Rb2 32. a4 Ra2 33. h4 e4+ 34. Kxe4 Rxf2 35. a5 Ra2 36. a6 Ra4+ 37. Kf3 h6 38. Ra8 Kg7 39. Ke2 Ra3 40. Kd2 Kf6 41. g4 Kg7 42. g5 hxg5 43. hxg5 f6 44. gxf6+ Kxf6 45. Kc2 Ke5 46. Kb2 Ra5 47. Kb3 Ke4 48. Kb4 Ra1 49. Kb5 Kxe3 50. Re8 Kd4 51. Rxe6 Kd5 52. Rh6 Rb1+ 53. Ka5 Kc5 54. Rh5+ Kc6 55. Rh6+ Kc5 56. Ka4 Ra1+ 57. Kb3 Kb5 58. Rh8 Rxa6 59. Rh5+ 1/2-1/2

[Event "CZE-chT2e 0506"]
[Site "Czech Republic"]
[Date "2006.03.26"]
[Round "10.7"]
[White "Vlacil, Vladimir"]
[Black "Svitek, Jiri"]
[Result "1-0"]
[WhiteElo "2056"]
[BlackElo "2130"]
[PlyCount "75"]
[EventDate "2005.10.16"]
[EventType "team"]
[EventRounds "11"]
[EventCountry "CZE"]
[SourceTitle "EXT 2008"]
[Source "ChessBase"]
[SourceDate "2007.11.25"]
[SourceVersion "1"]
[SourceVersionDate "2007.11.25"]
[SourceQuality "1"]

1. e4 c6 2. d4 d5 3. exd5 cxd5 4. Bd3 Nc6 5. c3 Nf6 6. Bf4 e6 7. Nf3 Bd6 8. Bxd6 Qxd6 9. 0-0 0-0 10. Re1 Bd7 11. Ne5 Rac8 12. Nd2 Be8 13. Ndf3 g6 14. Qd2 Kg7 15. Re3 Ne7 16. Rae1 Nf5 17. R3e2 Qd8 18. Qf4 Nd6 19. Ng4 Nxg4 20. Qxg4 Bb5 21. Bxb5 Nxb5 22. Ne5 Nd6 23. Qf4 h5 24. Re3 Nc4 25. Nxc4 Rxc4 26. Re5 Qc7 27. Qe3 Rc8 28. f4 Qd6 29. Qg3 Rh8 30. Rf1 h4 31. Qg4 f5 32. Qe2 Rc6 33. Re1 Kf7 34. c4 dxc4 35. d5 exd5 36. Re7+ Kf6 37. Rxb7 Qe6 38. Qf2 1-0

[Event "MOR-chT2M 0203"]
[Site "Moravia"]
[Date "2002.12.01"]
[Round "4"]
[White "Jablecnik, Gustav"]
[Black "Svitek, Jiri"]
[Result "1/2-1/2"]
[WhiteElo "2191"]
[BlackElo "2160"]
[PlyCount "65"]
[EventDate "2002.10.??"]
[EventType "team"]
[EventRounds "11"]
[EventCountry "CZE"]
[SourceTitle "EXT 2006"]
[Source "ChessBase"]
[SourceDate "2005.11.24"]
[SourceVersion "1"]
[SourceVersionDate "2005.11.24"]
[SourceQuality "1"]

1. e4 c6 2. Nc3 g6 3. d4 Bg7 4. Be3 d5 5. Qd2 dxe4 6. Nxe4 Nd7 7. Ne2 Ngf6 8. N2c3 0-0 9. Bh6 b5 10. Bxg7 Kxg7 11. Bd3 b4 12. Ne2 a5 13. a3 Bb7 14. h4 h5 15. Ng5 e5 16. axb4 axb4 17. Rxa8 Qxa8 18. 0-0 c5 19. dxe5 Nxe5 20. Nf4 Qc8 21. Re1 Re8 22. Bb5 Bc6 23. Bxc6 Nxc6 24. Rxe8 Qxe8 25. f3 Qe5 26. c3 bxc3 27. bxc3 Ne7 28. Nd3 Qd6 29. Qe2 Nc6 30. Qa2 Qd5 31. Qxd5 Nxd5 32. Nxc5 Nxc3 33. Nce4 1/2-1/2

[Event "CZE-chT1c 9495"]
[Site "Czech Republic"]
[Date "1995.??.??"]
[Round "11"]
[White "Krejci, Jakub"]
[Black "Svitek, Jiri"]
[Result "1/2-1/2"]
[WhiteElo "2195"]
[BlackElo "2175"]
[PlyCount "101"]
[EventDate "1994.??.??"]
[EventType "team"]
[EventRounds "11"]
[EventCountry "CZE"]
[SourceTitle "EXT 1998"]
[Source "ChessBase"]
[SourceDate "1997.11.17"]
[SourceVersion "1"]
[SourceVersionDate "1997.11.17"]
[SourceQuality "1"]

1. e4 c6 2. d4 d5 3. e5 Bf5 4. g4 Be4 5. f3 Bg6 6. Ne2 e6 7. h4 h6 8. Nf4 Bh7 9. Nd2 Nd7 10. c3 Ne7 11. h5 c5 12. Bd3 Bxd3 13. Nxd3 Nc6 14. dxc5 Nxc5 15. Nxc5 Bxc5 16. Nb3 Qb6 17. Qe2 0-0-0 18. Bf4 a5 19. Rc1 a4 20. Nxc5 Qxc5 21. Be3 Qc4 22. Bb6 Rd7 23. Qxc4 dxc4 24. f4 Rd5 25. Rh2 Rb5 26. Bd4 Kc7 27. Rcc2 a3 28. bxa3 Rb1+ 29. Ke2 Ra8 30. Bc5 Rb5 31. Bd6+ Kd7 32. Ke3 Ne7 33. Bxe7 Kxe7 34. Rb2 Raa5 35. a4 Rxb2 36. Rxb2 Rxa4 37. Rxb7+ Ke8 38. Rb8+ Ke7 39. Rg8 Rxa2 40. Rxg7 Rc2 41. Kd4 Rf2 42. Ke3 Rc2 43. Kd4 Rf2 44. Ke4 Re2+ 45. Kd4 Rf2 46. Kxc4 Rxf4+ 47. Kd3 Rf3+ 48. Kd4 Kf8 49. Rh7 Rf4+ 50. Kc5 Rxg4 51. Rxh6 1/2-1/2

[Event "CZE-chT1c 9495"]
[Site "Czech Republic"]
[Date "1995.??.??"]
[Round "7"]
[White "Svitek, Jiri"]
[Black "Kupka, Slavoj"]
[Result "0-1"]
[WhiteElo "2175"]
[BlackElo "2360"]
[PlyCount "100"]
[EventDate "1994.??.??"]
[EventType "team"]
[EventRounds "11"]
[EventCountry "CZE"]
[SourceTitle "EXT 1998"]
[Source "ChessBase"]
[SourceDate "1997.11.17"]
[SourceVersion "1"]
[SourceVersionDate "1997.11.17"]
[SourceQuality "1"]

1. c4 e5 2. Nc3 Nc6 3. Nf3 Nf6 4. d3 Bc5 5. g3 0-0 6. Bg2 Re8 7. 0-0 h6 8. Rb1 a5 9. a3 d5 10. cxd5 Nxd5 11. Nxd5 Qxd5 12. Qc2 Qd6 13. Be3 Bxe3 14. fxe3 Ne7 15. Rfc1 c6 16. Qc5 Qxc5 17. Rxc5 f6 18. Nd2 Be6 19. b3 Ra6 20. Kf2 Rd8 21. Rc3 Kf7 22. Ne4 b6 23. Nd2 c5 24. b4 cxb4 25. axb4 a4 26. b5 Ra5 27. Nc4 Bxc4 28. dxc4 Rc8 29. c5 bxc5 30. b6 Rb8 31. b7 a3 32. Ra1 f5 33. Raxa3 Rxa3 34. Rxa3 e4 35. Rc3 Rxb7 36. Rxc5 h5 37. h3 g6 38. g4 h4 39. gxf5 gxf5 40. Ra5 Rb6 41. Ra7 Kf6 42. Rd7 Rb3 43. Rd6+ Ke5 44. Rh6 Nd5 45. Rxh4 Nxe3 46. Rh8 Ra3 47. Rd8 Kf4 48. Rd4 Ra2 49. Bh1 Ra1 50. Bf3 Rf1# 0-1

[Event "Stockerau op"]
[Site "Stockerau"]
[Date "1993.??.??"]
[Round "9"]
[White "Svitek, Jiri"]
[Black "Cech, Pavel"]
[Result "0-1"]
[WhiteElo "2180"]
[BlackElo "2315"]
[PlyCount "82"]
[EventDate "1993.??.??"]
[EventType "swiss"]
[EventRounds "9"]
[EventCountry "AUT"]
[SourceTitle "EXT 1997"]
[Source "ChessBase"]
[SourceDate "1996.11.15"]
[SourceVersion "1"]
[SourceVersionDate "1996.11.15"]
[SourceQuality "1"]

1. d4 d5 2. c4 e6 3. Nc3 c5 4. cxd5 cxd4 5. Qxd4 Nc6 6. Qd1 exd5 7. Qxd5 Bd7 8. Nf3 Nf6 9. Qd1 Bc5 10. e3 Qe7 11. Be2 0-0-0 12. Bd2 g5 13. a3 g4 14. Ng1 Ne5 15. b4 Bc6 16. bxc5 Bxg2 17. Qa4 Qd7 18. Qxd7+ Rxd7 19. Nb5 Ne4 20. Nd6+ Nxd6 21. cxd6 Bxh1 22. Bc3 Re8 23. Bxe5 Rxe5 24. Bxg4 f5 25. Bh3 Rxd6 26. Ne2 Bf3 27. Ng3 Bg4 28. Bxg4 fxg4 29. Ke2 h5 30. Rc1+ Rc6 31. Rxc6+ bxc6 32. Kd3 h4 33. Ne4 Ra5 34. Nf6 Rxa3+ 35. Ke4 Ra2 36. Nxg4 Ra4+ 37. Kf5 Rxg4 38. Kxg4 a5 39. f4 a4 40. f5 a3 41. f6 Kd7 0-1